000 00355nam a2200109Ia 4500
005 20251222144828.0
008 251222s9999||||xx |||||||||||||| ||spa||
082 _a363.6/S35
245 0 _aReglamento de Elaboración de Proyectos de Agua Potable y Alcantarillado para Habilitaciones Urbanas de Lima Metropolitana y Callao
264 _bSedapal
942 _cLIB
999 _c20732
_d20732